[Event "GER-chW Blitz 2019"]
[Site "Magdeburg"]
[Date "2019.05.25"]
[Round "19.11"]
[White "Kreismann, Franziska"]
[Black "Osmanodja, Filiz"]
[Result "0-1"]
[WhiteElo "1589"]
[BlackElo "2260"]
[Annotator "NA"]
[PlyCount "44"]
[EventDate "2019.05.25"]
[EventType "tourn"]
[EventCountry "GER"]
[SourceTitle "playchess.com"]
[Source "ChessBase"]
[SourceQuality "1"]
[TimeControl "180+2"]

1. d4 {[%emt 0:00:00]} Nf6 {[%emt 0:00:00]} 2. c4 {[%emt 0:00:00]} e6 {[%emt 0:00:00]} 3. Nc3 {[%emt 0:00:02]} Bb4 {[%emt 0:00:01]} 4. Nf3 {[%emt 0:00:01]} O-O {[%emt 0:00:01]} 5. e3 {[%emt 0:00:01]} b6 {[%emt 0:00:02]} 6. Bd3 {[%emt 0:00:02]} Bb7 {[%emt 0:00:01]} 7. a3 {[%emt 0:00:01]} Bxc3+ {[%emt 0:00:01]} 8. bxc3 {[%emt 0:00:01]} d6 {[%emt 0:00:00]} 9. O-O {[%emt 0:00:02]} Nbd7 {[%emt 0:00:01]} 10. Re1 {[%emt 0:00:02]} e5 {[%emt 0:00:01]} 11. d5 {[%emt 0:00:02]} e4 {[%emt 0:00:04]} 12. Be2 {[%emt 0:00:08]} exf3 {[%emt 0:00:02]} 13. Bxf3 {[%emt 0:00:01]} Ne5 {[%emt 0:00:01]} 14. Qd4 {[%emt 0:00:24]} Nxf3+ {[%emt 0:00:17]} 15. gxf3 {[%emt 0:00:01]} Nd7 {[%emt 0:00:04]} 16. Kh1 {[%emt 0:00:01]} Qf6 {[%emt 0:00:01]} 17. Qg4 {[%emt 0:00:08]} Ne5 {[%emt 0:00:01]} 18. Qg3 {[%emt 0:00:07]} Nxf3 {[%emt 0:00:11]} 19. Bb2 {[%emt 0:00:09]} Nxe1 {[%emt 0:00:04]} 20. Rxe1 {[%emt 0:00:02]} c6 {[%emt 0:00:03]} 21. Rg1 {[%emt 0:00:00]} cxd5 {[%emt 0:00:02]} 22. cxd5 {[%emt 0:00:02]} Bxd5+ {[%emt 0:00:01] c4 [%clk 0:02:25]} 0-1

[Event "GER-chW Blitz 2019"]
[Site "Magdeburg"]
[Date "2019.05.25"]
[Round "19.12"]
[White "Daemering, Katrin"]
[Black "Sieber, Fiona"]
[Result "1-0"]
[WhiteElo "2003"]
[BlackElo "2250"]
[Annotator "NA"]
[PlyCount "44"]
[EventDate "2019.05.25"]
[EventType "tourn"]
[EventCountry "GER"]
[SourceTitle "playchess.com"]
[Source "ChessBase"]
[SourceQuality "1"]
[TimeControl "180+2"]

1. Nf3 {[%emt 0:00:00]} Nf6 {[%emt 0:00:00]} 2. g3 {[%emt 0:00:00]} g6 {[%emt 0:00:01]} 3. Bg2 {[%emt 0:00:01]} Bg7 {[%emt 0:00:01]} 4. d3 {[%emt 0:00:01]} d5 {[%emt 0:00:01]} 5. O-O {[%emt 0:00:02]} O-O {[%emt 0:00:01]} 6. Nbd2 {[%emt 0:00:01]} c5 {[%emt 0:00:05]} 7. c4 {[%emt 0:00:01]} d4 {[%emt 0:00:03]} 8. a3 {[%emt 0:00:03]} Nc6 {[%emt 0:00:01]} 9. Rb1 {[%emt 0:00:02]} a5 {[%emt 0:00:02]} 10. Ne1 {[%emt 0:00:14]} a4 {[%emt 0:00:05]} 11. b4 {[%emt 0:00:09]} axb3 {[%emt 0:00:09]} 12. Nxb3 {[%emt 0:00:02]} Qd6 {[%emt 0:00:13]} 13. e3 {[%emt 0:00:14]} e5 {[%emt 0:00:05]} 14. exd4 {[%emt 0:00:05]} cxd4 {[%emt 0:00:08]} 15. Nf3 {[%emt 0:00:15]} Nd7 {[%emt 0:00:03]} 16. Nfd2 {[%emt 0:00:05]} f5 {[%emt 0:00:05]} 17. Qc2 {[%emt 0:00:12]} Nf6 {[%emt 0:00:48]} 18. c5 {[%emt 0:00:06]} Qe7 {[%emt 0:00:04]} 19. Nc4 {[%emt 0:00:02]} e4 {[%emt 0:00:16]} 20. Bg5 {[%emt 0:00:22]} Be6 {[%emt 0:01:01]} 21. dxe4 {[%emt 0:00:12]} h6 {[%emt 0:00:16]} 22. Bxf6 {[%emt 0:00:07]} Bxf6 {[%emt 0:00:00]} 1-0

[Event "GER-chW Blitz 2019"]
[Site "Magdeburg"]
[Date "2019.05.25"]
[Round "20.1"]
[White "Roesler, Hannah Clara Hed"]
[Black "Sieber, Fiona"]
[Result "0-1"]
[WhiteElo "1619"]
[BlackElo "2250"]
[Annotator "NA"]
[PlyCount "48"]
[EventDate "2019.05.25"]
[EventType "tourn"]
[EventCountry "GER"]
[SourceTitle "playchess.com"]
[Source "ChessBase"]
[SourceQuality "1"]
[TimeControl "180+2"]

1. e4 {[%emt 0:00:00]} c5 {[%emt 0:00:00]} 2. c3 {[%emt 0:00:00]} Nf6 {[%emt 0:00:02]} 3. e5 {[%emt 0:00:00]} Nd5 {[%emt 0:00:01]} 4. d4 {[%emt 0:00:01]} cxd4 5. Nf3 Nc6 {[%emt 0:00:06]} 6. Bc4 {[%emt 0:00:05]} e6 {[%emt 0:00:01]} 7. cxd4 {[%emt 0:00:32]} d6 {[%emt 0:00:01]} 8. O-O Be7 9. a3 {[%emt 0:00:16]} O-O {[%emt 0:00:04]} 10. Qe2 {[%emt 0:00:09]} Na5 {[%emt 0:00:12]} 11. Bd3 {[%emt 0:00:18]} Nb3 {[%emt 0:00:04]} 12. Ra2 {[%emt 0:00:04]} Nxc1 {[%emt 0:00:03]} 13. Rxc1 {[%emt 0:00:24]} Nf4 {[%emt 0:00:02]} 14. Qc2 {[%emt 0:00:17]} Nxd3 {[%emt 0:00:04]} 15. Qxd3 {[%emt 0:00:02]} b6 {[%emt 0:00:21]} 16. Qe4 {[%emt 0:00:21]} Rb8 {[%emt 0:00:11]} 17. Qg4 {[%emt 0:00:10]} Bb7 {[%emt 0:00:13]} 18. b4 {[%emt 0:00:11]} Rc8 {[%emt 0:00:14]} 19. Rac2 {[%emt 0:00:03]} Rxc2 {[%emt 0:00:18]} 20. Rxc2 {[%emt 0:00:01]} dxe5 {[%emt 0:00:05]} 21. Nxe5 {[%emt 0:00:14]} Qd5 {[%emt 0:00:08]} 22. Nc3 {[%emt 0:00:09]} Qb3 {[%emt 0:00:05]} 23. Qe2 {[%emt 0:00:24]} Qxa3 {[%emt 0:00:05]} 24. b5 Rc8 0-1

[Event "GER-chW Blitz 2019"]
[Site "Magdeburg"]
[Date "2019.05.25"]
[Round "20.2"]
[White "Osmanodja, Filiz"]
[Black "Daemering, Katrin"]
[Result "1-0"]
[WhiteElo "2260"]
[BlackElo "2003"]
[Annotator "NA"]
[PlyCount "123"]
[EventDate "2019.05.25"]
[EventType "tourn"]
[EventCountry "GER"]
[SourceTitle "playchess.com"]
[Source "ChessBase"]
[SourceQuality "1"]
[TimeControl "180+2"]

1. e4 {[%emt 0:00:00]} c5 {[%emt 0:00:00]} 2. Nc3 {[%emt 0:00:01]} Nc6 {[%emt 0:00:00]} 3. Nf3 {[%emt 0:00:00]} g6 {[%emt 0:00:01]} 4. d4 {[%emt 0:00:01]} cxd4 {[%emt 0:00:01]} 5. Nxd4 {[%emt 0:00:01]} Bg7 {[%emt 0:00:01]} 6. Nb3 {[%emt 0:00:01]} d6 {[%emt 0:00:02]} 7. Be2 {[%emt 0:00:01]} Nf6 {[%emt 0:00:01]} 8. O-O {[%emt 0:00:02]} O-O {[%emt 0:00:02]} 9. Bg5 {[%emt 0:00:01]} a6 {[%emt 0:00:02]} 10. Re1 {[%emt 0:00:01]} b5 {[%emt 0:00:08]} 11. Bf1 {[%emt 0:00:01]} Be6 {[%emt 0:00:02]} 12. Nd5 {[%emt 0:00:02]} Bxd5 {[%emt 0:00:06]} 13. exd5 {[%emt 0:00:01]} Ne5 {[%emt 0:00:02]} 14. c3 {[%emt 0:00:18]} Rc8 {[%emt 0:00:04]} 15. a4 {[%emt 0:00:08]} Nc4 {[%emt 0:00:12]} 16. axb5 {[%emt 0:00:11]} axb5 {[%emt 0:00:04]} 17. Bxc4 {[%emt 0:00:21]} bxc4 {[%emt 0:00:01]} 18. Na5 {[%emt 0:00:00]} Qd7 {[%emt 0:00:22]} 19. Nc6 {[%emt 0:00:24]} e5 {[%emt 0:00:15]} 20. Bxf6 {[%emt 0:00:32]} Bxf6 {[%emt 0:00:02]} 21. Re4 {[%emt 0:00:01]} Qb7 {[%emt 0:00:13]} 22. Qe2 {[%emt 0:00:33]} Qb5 {[%emt 0:00:09]} 23. Na7 {[%emt 0:00:09]} Qxd5 {[%emt 0:00:06]} 24. Nxc8 {[%emt 0:00:02]} Rxc8 {[%emt 0:00:01]} 25. Rd1 {[%emt 0:00:04]} Qe6 {[%emt 0:00:06]} 26. Qd2 {[%emt 0:00:08]} Be7 {[%emt 0:00:03]} 27. Qd5 {[%emt 0:00:04]} Qxd5 {[%emt 0:00:05]} 28. Rxd5 {[%emt 0:00:01]} f5 {[%emt 0:00:02]} 29. Re2 {[%emt 0:00:11]} Kf7 {[%emt 0:00:01]} 30. g3 {[%emt 0:00:13]} Ke6 {[%emt 0:00:02]} 31. Rb5 {[%emt 0:00:05]} Rc6 {[%emt 0:00:18]} 32. f4 {[%emt 0:00:03]} e4 {[%emt 0:00:02]} 33. Rd2 {[%emt 0:00:05]} h6 {[%emt 0:00:10]} 34. Kf2 {[%emt 0:00:00]} g5 {[%emt 0:00:06]} 35. Ke3 {[%emt 0:00:02]} gxf4+ {[%emt 0:00:03]} 36. gxf4 {[%emt 0:00:01]} Ra6 {[%emt 0:00:04]} 37. Rdd5 {[%emt 0:00:07]} Ra2 {[%emt 0:00:05]} 38. Rxf5 {[%emt 0:00:03]} Ra1 {[%emt 0:00:02]} 39. Rh5 {[%emt 0:00:03]} Bf8 {[%emt 0:00:03]} 40. Kxe4 {[%emt 0:00:05]} Re1+ {[%emt 0:00:04]} 41. Kf3 {[%emt 0:00:01]} Rd1 {[%emt 0:00:04]} 42. Ke2 {[%emt 0:00:01]} Rd3 {[%emt 0:00:02]} 43. Rb4 {[%emt 0:00:03]} d5 {[%emt 0:00:03]} 44. Rb8 {[%emt 0:00:00]} Bd6 {[%emt 0:00:07]} 45. Rxh6+ {[%emt 0:00:02]} Kd7 {[%emt 0:00:01]} 46. Rb7+ {[%emt 0:00:02]} Kc8 {[%emt 0:00:01]} 47. Rf7 {[%emt 0:00:05]} Bc7 {[%emt 0:00:07]} 48. Rh8+ {[%emt 0:00:02]} Kb7 {[%emt 0:00:01]} 49. Rhh7 {[%emt 0:00:01]} d4 {[%emt 0:00:03]} 50. Rxc7+ {[%emt 0:00:01]} Kb6 {[%emt 0:00:00]} 51. Rxc4 {[%emt 0:00:03]} Re3+ {[%emt 0:00:03]} 52. Kf2 {[%emt 0:00:01]} Re6 {[%emt 0:00:02]} 53. Rxd4 {[%emt 0:00:01]} Rf6 {[%emt 0:00:01]} 54. Kg3 {[%emt 0:00:01]} Rg6+ {[%emt 0:00:01]} 55. Kf3 {[%emt 0:00:01]} Rf6 {[%emt 0:00:01]} 56. h4 {[%emt 0:00:01]} Kc5 {[%emt 0:00:01]} 57. h5 {[%emt 0:00:01]} Re6 {[%emt 0:00:01]} 58. h6 {[%emt 0:00:01]} Rf6 {[%emt 0:00:01]} 59. Rh8 {[%emt 0:00:01]} Kc6 {[%emt 0:00:02]} 60. h7 {[%emt 0:00:02]} Kc7 {[%emt 0:00:01]} 61. Rc8+ {[%emt 0:00:02]} Kxc8 {[%emt 0:00:01]} 62. h8=Q+ {[%emt 0:00:02]} 1-0

[Event "GER-chW Blitz 2019"]
[Site "Magdeburg"]
[Date "2019.05.25"]
[Round "20.3"]
[White "Michna, Marta"]
[Black "Kreismann, Franziska"]
[Result "1-0"]
[WhiteElo "2355"]
[BlackElo "1589"]
[Annotator "NA"]
[PlyCount "57"]
[EventDate "2019.05.25"]
[EventType "tourn"]
[EventCountry "GER"]
[SourceTitle "playchess.com"]
[Source "ChessBase"]
[SourceQuality "1"]
[TimeControl "180+2"]

1. Nf3 {[%emt 0:00:00]} c6 {[%emt 0:00:00]} 2. d3 {[%emt 0:00:01]} d5 {[%emt 0:00:00]} 3. Nbd2 {[%emt 0:00:01]} Bg4 {[%emt 0:00:03]} 4. h3 {[%emt 0:00:01]} Bxf3 {[%emt 0:00:01]} 5. Nxf3 {[%emt 0:00:02]} e6 {[%emt 0:00:03]} 6. g3 {[%emt 0:00:02]} Nf6 {[%emt 0:00:01]} 7. Bg2 {[%emt 0:00:01]} Bd6 {[%emt 0:00:02]} 8. O-O {[%emt 0:00:04]} Nbd7 {[%emt 0:00:06]} 9. c3 {[%emt 0:00:02]} b5 {[%emt 0:00:04]} 10. a4 {[%emt 0:00:02]} a6 {[%emt 0:00:02]} 11. Qc2 {[%emt 0:00:02]} O-O {[%emt 0:00:10]} 12. e4 {[%emt 0:00:03]} dxe4 {[%emt 0:00:07]} 13. dxe4 {[%emt 0:00:01]} Bc7 {[%emt 0:00:12]} 14. Be3 {[%emt 0:00:11]} Ne5 {[%emt 0:00:09]} 15. Nxe5 {[%emt 0:00:04]} Bxe5 {[%emt 0:00:01]} 16. f4 {[%emt 0:00:12]} Bc7 {[%emt 0:00:06]} 17. Kh2 {[%emt 0:00:06]} Bb6 {[%emt 0:00:13]} 18. Rfd1 {[%emt 0:00:04]} Qc7 {[%emt 0:00:07]} 19. Bd4 {[%emt 0:00:20]} Bxd4 {[%emt 0:00:09]} 20. cxd4 {[%emt 0:00:02]} Rad8 {[%emt 0:00:05]} 21. axb5 {[%emt 0:00:10]} axb5 {[%emt 0:00:04]} 22. Rac1 {[%emt 0:00:03]} Rc8 {[%emt 0:00:05]} 23. d5 {[%emt 0:00:08]} exd5 {[%emt 0:00:06]} 24. exd5 {[%emt 0:00:01]} c5 {[%emt 0:00:12]} 25. Qf5 {[%emt 0:00:18]} Rfd8 {[%emt 0:00:15]} 26. d6 {[%emt 0:00:13]} Rxd6 {[%emt 0:00:30]} 27. Rxd6 {[%emt 0:00:01]} Ne8 {[%emt 0:00:24]} 28. Rc6 {[%emt 0:00:02]} Qd8 {[%emt 0:00:08]} 29. Rxc8 {[%emt 0:00:02]} 1-0

[Event "GER-chW Blitz 2019"]
[Site "Magdeburg"]
[Date "2019.05.25"]
[Round "20.4"]
[White "Muetsch, Annmarie"]
[Black "Kunze, Kerstin"]
[Result "1-0"]
[WhiteElo "2266"]
[BlackElo "2066"]
[Annotator "NA"]
[PlyCount "70"]
[EventDate "2019.05.25"]
[EventType "tourn"]
[EventCountry "GER"]
[SourceTitle "playchess.com"]
[Source "ChessBase"]
[SourceQuality "1"]
[TimeControl "180+2"]

1. e4 {[%emt 0:00:00]} e5 {[%emt 0:00:00]} 2. Nf3 {[%emt 0:00:00]} Nc6 {[%emt 0:00:00]} 3. d4 {[%emt 0:00:01]} exd4 {[%emt 0:00:02]} 4. Nxd4 {[%emt 0:00:02]} Bc5 {[%emt 0:00:00]} 5. Nb3 {[%emt 0:00:01]} Bb6 {[%emt 0:00:04]} 6. Nc3 {[%emt 0:00:01]} a6 {[%emt 0:00:06]} 7. Qe2 {[%emt 0:00:04]} Nge7 {[%emt 0:00:03]} 8. Bf4 {[%emt 0:00:06]} d6 {[%emt 0:00:05]} 9. O-O-O {[%emt 0:00:06]} O-O {[%emt 0:00:12]} 10. f3 {[%emt 0:00:02]} Ng6 {[%emt 0:00:14]} 11. Bg3 {[%emt 0:00:04]} Qg5+ {[%emt 0:00:07]} 12. Kb1 {[%emt 0:00:03]} Be6 {[%emt 0:00:13]} 13. Nd5 {[%emt 0:00:07]} Bxd5 {[%emt 0:00:15]} 14. Rxd5 {[%emt 0:00:02]} Qf6 {[%emt 0:00:06]} 15. Rd1 {[%emt 0:00:16]} a5 {[%emt 0:00:09]} 16. a4 {[%emt 0:00:15]} Rfe8 {[%emt 0:00:13]} 17. Qd2 {[%emt 0:00:03]} Rad8 {[%emt 0:00:32]} 18. Bb5 {[%emt 0:00:18]} Nge5 {[%emt 0:00:06]} 19. h3 {[%emt 0:00:04]} Nd7 {[%emt 0:00:03]} 20. Bf4 {[%emt 0:00:10]} h6 {[%emt 0:00:02]} 21. h4 {[%emt 0:00:06]} Nc5 {[%emt 0:00:02]} 22. h5 {[%emt 0:00:34]} Nxb3 23. cxb3 {[%emt 0:00:01]} Re7 {[%emt 0:00:24]} 24. Bxc6 {[%emt 0:00:05]} bxc6 {[%emt 0:00:01]} 25. g4 {[%emt 0:00:06]} Qe6 {[%emt 0:00:04]} 26. g5 {[%emt 0:00:18]} hxg5 {[%emt 0:00:01]} 27. Bxg5 {[%emt 0:00:01]} f6 {[%emt 0:00:01]} 28. Bf4 {[%emt 0:00:04]} Qxb3 {[%emt 0:00:11]} 29. Qg2 {[%emt 0:00:14]} Qf7 {[%emt 0:00:20]} 30. h6 {[%emt 0:00:04]} g6 {[%emt 0:00:07]} 31. h7+ {[%emt 0:00:07]} Kh8 {[%emt 0:00:01]} 32. Rh6 {[%emt 0:00:04]} g5 {[%emt 0:00:02]} 33. Bc1 {[%emt 0:00:02]} Rb8 {[%emt 0:00:12]} 34. Qg4 {[%emt 0:00:05]} d5 {[%emt 0:00:06]} 35. Qf5 {[%emt 0:00:04]} Re6 1-0

[Event "GER-chW Blitz 2019"]
[Site "Magdeburg"]
[Date "2019.05.25"]
[Round "20.5"]
[White "Siegl, Melina"]
[Black "Gheng, Simona"]
[Result "1-0"]
[WhiteElo "2029"]
[BlackElo "1991"]
[Annotator "NA"]
[PlyCount "55"]
[EventDate "2019.05.25"]
[EventType "tourn"]
[EventCountry "GER"]
[SourceTitle "playchess.com"]
[Source "ChessBase"]
[SourceQuality "1"]
[TimeControl "180+2"]

1. e4 {[%emt 0:00:01]} c5 {[%emt 0:00:00]} 2. Nf3 d6 3. d3 {[%emt 0:00:03]} Nf6 {[%emt 0:00:01]} 4. g3 {[%emt 0:00:02]} g6 {[%emt 0:00:00]} 5. Bg2 {[%emt 0:00:01]} Bg7 {[%emt 0:00:01]} 6. c3 {[%emt 0:00:01]} O-O {[%emt 0:00:02]} 7. O-O {[%emt 0:00:02]} Nc6 {[%emt 0:00:00]} 8. Be3 {[%emt 0:00:03]} a6 {[%emt 0:00:01]} 9. Re1 {[%emt 0:00:03]} Bg4 {[%emt 0:00:02]} 10. h3 {[%emt 0:00:04]} Bd7 {[%emt 0:00:01]} 11. Qd2 {[%emt 0:00:01]} Rb8 {[%emt 0:00:05]} 12. Bh6 {[%emt 0:00:03]} b5 {[%emt 0:00:01]} 13. Bxg7 {[%emt 0:00:04]} Kxg7 {[%emt 0:00:01]} 14. d4 {[%emt 0:00:17]} cxd4 {[%emt 0:00:05]} 15. cxd4 {[%emt 0:00:02]} Qc8 {[%emt 0:00:03]} 16. Kh2 {[%emt 0:00:03]} Qc7 {[%emt 0:00:15]} 17. Nc3 {[%emt 0:00:13]} b4 {[%emt 0:00:04]} 18. Nd5 {[%emt 0:00:10]} Qa7 {[%emt 0:00:24]} 19. Rad1 {[%emt 0:00:21]} h5 {[%emt 0:00:07]} 20. Nxf6 {[%emt 0:00:05]} Kxf6 {[%emt 0:00:05]} 21. Qh6 {[%emt 0:00:11]} Rh8 {[%emt 0:00:03]} 22. e5+ {[%emt 0:00:03]} dxe5 {[%emt 0:00:31]} 23. dxe5+ {[%emt 0:00:03]} Nxe5 {[%emt 0:00:30]} 24. Qg5+ {[%emt 0:00:05]} Kg7 {[%emt 0:00:00]} 25. Qxe5+ {[%emt 0:00:03]} Kh7 {[%emt 0:00:09]} 26. Qxe7 {[%emt 0:00:17]} Rb7 {[%emt 0:00:12]} 27. Ng5+ {[%emt 0:00:06]} Kh6 {[%emt 0:00:01]} 28. Nxf7+ 1-0

[Event "GER-chW Blitz 2019"]
[Site "Magdeburg"]
[Date "2019.05.25"]
[Round "20.6"]
[White "Hofmann, Karina"]
[Black "Kopylov, Luba"]
[Result "0-1"]
[WhiteElo "1700"]
[BlackElo "2078"]
[Annotator "NA"]
[PlyCount "90"]
[EventDate "2019.05.25"]
[EventType "tourn"]
[EventCountry "GER"]
[SourceTitle "playchess.com"]
[Source "ChessBase"]
[SourceQuality "1"]
[TimeControl "180+2"]

1. f4 {[%emt 0:00:01]} e6 {[%emt 0:00:01]} 2. Nf3 {[%emt 0:00:01]} d5 {[%emt 0:00:01]} 3. e3 {[%emt 0:00:01]} c5 {[%emt 0:00:07]} 4. Bb5+ {[%emt 0:00:01]} Bd7 {[%emt 0:00:02]} 5. Bxd7+ {[%emt 0:00:01]} Qxd7 {[%emt 0:00:03]} 6. Ne5 {[%emt 0:00:01]} Qc7 {[%emt 0:00:04]} 7. d3 {[%emt 0:00:01]} Nf6 {[%emt 0:00:03]} 8. Nd2 {[%emt 0:00:03]} Bd6 {[%emt 0:00:03]} 9. Ndf3 {[%emt 0:00:01]} Nc6 {[%emt 0:00:03]} 10. Nxc6 {[%emt 0:00:05]} bxc6 {[%emt 0:00:02]} 11. b3 {[%emt 0:00:02]} O-O {[%emt 0:00:10]} 12. Bb2 {[%emt 0:00:01]} Rab8 {[%emt 0:00:05]} 13. Qe2 {[%emt 0:00:01]} d4 {[%emt 0:00:07]} 14. g3 {[%emt 0:00:40]} Qa5+ {[%emt 0:00:38]} 15. Qd2 {[%emt 0:00:03]} Qxd2+ {[%emt 0:00:15]} 16. Kxd2 {[%emt 0:00:01]} dxe3+ {[%emt 0:00:07]} 17. Kxe3 {[%emt 0:00:03]} Ng4+ {[%emt 0:00:01]} 18. Kd2 {[%emt 0:00:09]} Rfe8 {[%emt 0:00:08]} 19. h3 {[%emt 0:00:03]} Nh6 {[%emt 0:00:13]} 20. Be5 {[%emt 0:00:09]} Nf5 {[%emt 0:00:07]} 21. g4 {[%emt 0:00:11]} Bxe5 {[%emt 0:00:03]} 22. Nxe5 {[%emt 0:00:04]} Ne7 {[%emt 0:00:03]} 23. Rhe1 {[%emt 0:00:06]} Red8 {[%emt 0:00:01]} 24. Re4 {[%emt 0:00:02]} Rbc8 {[%emt 0:00:05]} 25. Rc4 {[%emt 0:00:02]} Nd5 {[%emt 0:00:03]} 26. Rf1 {[%emt 0:00:06]} f6 {[%emt 0:00:02]} 27. Nf3 {[%emt 0:00:15]} Nb4 {[%emt 0:00:05]} 28. a3 {[%emt 0:00:05]} Nd5 {[%emt 0:00:02]} 29. Rxc5 {[%emt 0:00:11]} Nxf4 {[%emt 0:00:01]} 30. h4 {[%emt 0:00:11]} Ng2 {[%emt 0:00:03]} 31. Kc3 {[%emt 0:00:04]} Rd5 {[%emt 0:00:04]} 32. Rc4 {[%emt 0:00:15]} c5 {[%emt 0:00:03]} 33. Re4 {[%emt 0:00:12]} e5 {[%emt 0:00:03]} 34. Nd2 {[%emt 0:00:05]} Rd4 {[%emt 0:00:06]} 35. Rxd4 {[%emt 0:00:02]} cxd4+ {[%emt 0:00:01]} 36. Kb4 {[%emt 0:00:01]} Ne3 {[%emt 0:00:02]} 37. Rc1 {[%emt 0:00:05]} Rxc2 {[%emt 0:00:01]} 38. Rxc2 {[%emt 0:00:02]} Nxc2+ {[%emt 0:00:01]} 39. Ka4 {[%emt 0:00:02]} Ne1 {[%emt 0:00:03]} 40. Ne4 {[%emt 0:00:04]} Nxd3 {[%emt 0:00:01]} 41. g5 {[%emt 0:00:05]} f5 {[%emt 0:00:01]} 42. Nd6 {[%emt 0:00:02]} g6 {[%emt 0:00:02]} 43. b4 {[%emt 0:00:02]} e4 {[%emt 0:00:02]} 44. Nc4 {[%emt 0:00:01]} e3 {[%emt 0:00:01]} 45. Kb5 {[%emt 0:00:13]} e2 {[%emt 0:00:02]} 0-1

[Event "GER-chW Blitz 2019"]
[Site "Magdeburg"]
[Date "2019.05.25"]
[Round "20.7"]
[White "Birkholz, Olga"]
[Black "Zimmer, Elke"]
[Result "1-0"]
[WhiteElo "2031"]
[BlackElo "1926"]
[Annotator "NA"]
[PlyCount "57"]
[EventDate "2019.05.25"]
[EventType "tourn"]
[EventCountry "GER"]
[SourceTitle "playchess.com"]
[Source "ChessBase"]
[SourceQuality "1"]
[TimeControl "180+2"]

1. d4 {[%emt 0:00:00]} d5 {[%emt 0:00:00]} 2. Nc3 {[%emt 0:00:01]} Nf6 {[%emt 0:00:00]} 3. Bf4 {[%emt 0:00:01]} Bf5 {[%emt 0:00:05]} 4. e3 {[%emt 0:00:02]} e6 {[%emt 0:00:03]} 5. Nf3 {[%emt 0:00:02]} Bd6 {[%emt 0:00:04]} 6. Ne5 {[%emt 0:00:01]} Nh5 {[%emt 0:00:06]} 7. Qxh5 {[%emt 0:00:04]} Bxe5 {[%emt 0:00:06]} 8. Bxe5 {[%emt 0:00:02]} O-O {[%emt 0:00:09]} 9. Bd3 {[%emt 0:00:02]} Bg6 {[%emt 0:00:06]} 10. Qe2 {[%emt 0:00:06]} Nd7 {[%emt 0:00:02]} 11. Bg3 {[%emt 0:00:03]} c5 {[%emt 0:00:03]} 12. h4 {[%emt 0:00:06]} Bxd3 {[%emt 0:00:04]} 13. cxd3 {[%emt 0:00:01]} Qb6 {[%emt 0:00:08]} 14. dxc5 {[%emt 0:00:12]} Nxc5 {[%emt 0:00:02]} 15. h5 {[%emt 0:00:05]} h6 {[%emt 0:00:01]} 16. Rh4 {[%emt 0:00:09]} Nd7 {[%emt 0:00:23]} 17. Bf4 {[%emt 0:00:11]} e5 {[%emt 0:00:18]} 18. Bxh6 {[%emt 0:00:21]} Qxh6 {[%emt 0:00:02]} 19. Nxd5 {[%emt 0:00:02]} Nf6 {[%emt 0:00:19]} 20. Ne7+ {[%emt 0:00:14]} Kh8 {[%emt 0:00:04]} 21. Nf5 {[%emt 0:00:04]} Qg5 {[%emt 0:00:06]} 22. e4 {[%emt 0:00:06]} Rac8 {[%emt 0:00:26]} 23. f3 {[%emt 0:00:19]} Rc1+ {[%emt 0:00:16]} 24. Rxc1 {[%emt 0:00:01]} Qxc1+ {[%emt 0:00:03]} 25. Kf2 {[%emt 0:00:00]} Rc8 {[%emt 0:00:06]} 26. Kg3 {[%emt 0:00:16]} Qg5+ {[%emt 0:00:04]} 27. Kh3 {[%emt 0:00:04]} Rc1 {[%emt 0:00:05]} 28. Kh2 {[%emt 0:00:05]} Nxh5 {[%emt 0:00:09]} 29. f4 1-0

[Event "GER-chW Blitz 2019"]
[Site "Magdeburg"]
[Date "2019.05.25"]
[Round "20.8"]
[White "Rath, Alina"]
[Black "Mader, Lena"]
[Result "1-0"]
[WhiteElo "2042"]
[BlackElo "1839"]
[Annotator "NA"]
[PlyCount "64"]
[EventDate "2019.05.25"]
[EventType "tourn"]
[EventCountry "GER"]
[SourceTitle "playchess.com"]
[Source "ChessBase"]
[SourceQuality "1"]
[TimeControl "180+2"]

1. c4 {[%emt 0:00:00]} Nf6 {[%emt 0:00:00]} 2. Nc3 {[%emt 0:00:00]} g6 {[%emt 0:00:00]} 3. g3 {[%emt 0:00:01]} Bg7 {[%emt 0:00:01]} 4. Bg2 {[%emt 0:00:01]} d6 {[%emt 0:00:01]} 5. e4 {[%emt 0:00:01]} O-O {[%emt 0:00:07]} 6. Nge2 {[%emt 0:00:01]} c5 {[%emt 0:00:02]} 7. O-O {[%emt 0:00:01]} Nc6 {[%emt 0:00:01]} 8. d3 {[%emt 0:00:02]} Nd4 {[%emt 0:00:15]} 9. h3 {[%emt 0:00:01]} Rb8 {[%emt 0:00:10]} 10. f4 {[%emt 0:00:06]} e5 {[%emt 0:00:26]} 11. Be3 {[%emt 0:00:06]} a6 {[%emt 0:00:08]} 12. Qd2 {[%emt 0:00:03]} Bd7 {[%emt 0:00:14]} 13. fxe5 {[%emt 0:00:06]} dxe5 {[%emt 0:00:04]} 14. Bg5 {[%emt 0:00:03]} Ne6 {[%emt 0:00:33]} 15. Bh6 {[%emt 0:00:55]} Nd4 {[%emt 0:00:28]} 16. Bg5 {[%emt 0:00:35]} Ne6 {[%emt 0:00:09]} 17. Be3 {[%emt 0:00:06]} b5 {[%emt 0:00:14]} 18. Rf2 {[%emt 0:00:10]} b4 {[%emt 0:00:12]} 19. Nd5 {[%emt 0:00:03]} Nxd5 {[%emt 0:00:13]} 20. exd5 {[%emt 0:00:06]} Nd4 {[%emt 0:00:06]} 21. Bh6 {[%emt 0:00:25]} Rb7 {[%emt 0:00:13]} 22. Bxg7 Kxg7 {[%emt 0:00:01]} 23. Raf1 {[%emt 0:00:05]} Bf5 {[%emt 0:00:02]} 24. g4 {[%emt 0:00:03]} Bc8 {[%emt 0:00:02]} 25. Ng3 {[%emt 0:00:07]} Rd7 {[%emt 0:00:01]} 26. Ne4 {[%emt 0:00:02]} a5 {[%emt 0:00:03]} 27. Nxc5 {[%emt 0:00:06]} Rc7 {[%emt 0:00:03]} 28. Ne4 {[%emt 0:00:03]} Rd7 {[%emt 0:00:03]} 29. Qe1 {[%emt 0:00:13]} Qc7 {[%emt 0:00:03]} 30. d6 {[%emt 0:00:06]} Qa7 {[%emt 0:00:02]} 31. c5 {[%emt 0:00:02]} b3 32. axb3 Nxb3 1-0